|
|
|
|
| LEADER |
00000nas a2200000 i 4500 |
| 001 |
ssj0000802120 |
| 003 |
WaSeSS |
| 005 |
20200512172242.0 |
| 006 |
m d |
| 007 |
cr n |
| 008 |
121001c19949999rm uu p s 0 0eng c |
| 010 |
|
|
|a 2012254129
|
| 022 |
|
|
|a 2344-5645
|l 1453-0201
|y 1453-0201
|
| 035 |
|
|
|a (WaSeSS)ssj0000802120
|
| 040 |
|
|
|a IUL
|b eng
|c IUL
|d OCLCO
|d CUS
|d OCLCO
|d CUS
|d OCLCQ
|d OCLCF
|d OCLCO
|d CUS
|d IUL
|d WaSeSS
|
| 042 |
|
|
|a msc
|
| 050 |
1 |
4 |
|a GV557
|
| 130 |
0 |
|
|a Gymnasium (Bacău, Romania)
|
| 210 |
0 |
|
|a Gymnasium
|b (Bacău, Online)
|
| 222 |
|
0 |
|a Gymnasium
|b (Bacău. Online)
|
| 245 |
1 |
0 |
|a Gymnasium
|h [electronic resource] :
|b revistă de educație fizică și sport.
|
| 260 |
|
|
|a Bacau, Romania :
|b "Vasile Alecsandri" University of Bacău :
|b Alma Mater Publishing House,
|c [1994?]-
|
| 310 |
|
|
|a Two times yearly,
|b 2004-
|
| 321 |
|
|
|a Annual,
|b 1994-2003
|
| 362 |
1 |
|
|a Print began in 1994.
|
| 506 |
|
|
|a License restrictions may limit access.
|
| 546 |
|
|
|a Texts and abstracts in Romanian and English.
|
| 550 |
|
|
|a Issued by: "Vasile Alecsandri" University of Bacău, Faculty of Movement, Sports and Health Sciences (Facultatea de Educație Fizică și Sport).
|
| 588 |
|
|
|a Description based on: Nr. 11 Anul VIII (2007); title from PDF title page (publisher's Web site, viewed November 13, 2012).
|
| 588 |
|
|
|a Latest issue consulted: No. 3, vol. XII (2011) (viewed November 13, 2012).
|
| 650 |
|
0 |
|a Sports sciences
|v Periodicals.
|
| 650 |
|
0 |
|a Sports sciences
|x Study and teaching
|v Periodicals.
|
| 650 |
|
0 |
|a Exercise
|v Periodicals.
|
| 650 |
|
7 |
|a Exercise.
|2 fast
|0 (OCoLC)fst00917991
|
| 650 |
|
7 |
|a Sports sciences.
|2 fast
|0 (OCoLC)fst01130746
|
| 650 |
|
7 |
|a Sports sciences
|x Study and teaching.
|2 fast
|0 (OCoLC)fst01130754
|
| 655 |
|
0 |
|a Electronic journals.
|
| 710 |
2 |
|
|a Universitatea "Vasile Alecsandri" din Bacău.
|b Facultatea de Educație Fizică și Sport.
|
| 710 |
2 |
|
|a Universitatea "Vasile Alecsandri" din Bacău.
|b Facultatea de Științe ale Mișcării Sportului și Sănătății din Bacău.
|
| 776 |
0 |
8 |
|i Print version:
|t Gymnasium
|x 1453-0201
|
| 856 |
4 |
0 |
|z Full text available from Research Library: 01/01/2007 to present
|u https://search.proquest.com/publication/1566341
|